|
|
|
|
| LEADER |
02755nam a2200673 a 4500 |
| 001 |
nkc20132439389 |
| 003 |
CZ PrNK |
| 005 |
20160630235016.0 |
| 007 |
ta |
| 008 |
130131s2013 xr h e 000 idcze |
| 015 |
|
|
|a cnb002439389
|
| 020 |
|
|
|a 978-80-87376-05-8
|q (Památník národního písemnictví ;
|q brož.)
|
| 020 |
|
|
|a 978-80-7036-378-2
|q (Národní muzeum ;
|q brož.)
|
| 035 |
|
|
|a (OCoLC)855463893
|
| 040 |
|
|
|a OLA001
|b cze
|d ABA001
|
| 041 |
1 |
|
|a cze
|a ger
|h ger
|
| 043 |
|
|
|a e-xr---
|
| 045 |
|
|
|a w9x1
|
| 072 |
|
7 |
|a 821.112.2.09
|x Německá literatura, německy psaná (o ní)
|2 Konspekt
|9 11
|
| 080 |
|
|
|a 821.112.2-051
|2 MRF
|
| 080 |
|
|
|a 655.41
|2 MRF
|
| 080 |
|
|
|a (437.3)
|2 MRF
|
| 080 |
|
|
|a (044)
|2 MRF
|
| 080 |
|
|
|a (0.072)
|2 MRF
|
| 080 |
|
|
|a 091.07
|2 MRF
|
| 100 |
1 |
|
|a May, Karl,
|d 1842-1912
|7 jn19990005499
|4 crp
|
| 245 |
1 |
0 |
|a Šest feniků za exemplář? Ne! Nemožné! =
|b Sechs Pfennige pro Exemplar? Nein! Unmöglich! : Karl May, Josef Richard Vilímek /
|c Jan Koten, Tomáš Pavlíček (eds.)
|
| 246 |
3 |
0 |
|a Karl May, Josef Richard Vilímek
|
| 246 |
3 |
1 |
|a Sechs Pfennige pro Exemplar? Nein! Unmöglich!
|
| 246 |
1 |
4 |
|a Karl May
|
| 250 |
|
|
|a Vyd. 1.
|
| 260 |
|
|
|a Praha :
|b Památník národního písemnictví :
|b Národní muzeum,
|c 2013
|
| 300 |
|
|
|a 63 s. :
|b faksim. (některé barev.) ;
|c 31 cm
|
| 500 |
|
|
|a 500 výt.
|
| 504 |
|
|
|a Obsahuje bibliografické odkazy
|
| 546 |
|
|
|a Souběžný německý text a tiráž
|
| 600 |
1 |
7 |
|a May, Karl,
|d 1842-1912
|7 jn19990005499
|2 czenas
|
| 610 |
2 |
7 |
|a Jos. R. Vilímek (nakladatelství)
|7 kn20020321586
|2 czenas
|
| 648 |
|
7 |
|a 19.-20. století
|7 ch757015
|2 czenas
|
| 648 |
|
4 |
|a 1897-1910
|
| 650 |
0 |
7 |
|a němečtí spisovatelé
|7 ph123532
|y 19.-20. století
|2 czenas
|
| 650 |
0 |
7 |
|a nakladatelé a vydavatelé
|7 ph115418
|z Česko
|y 19.-20. století
|2 czenas
|
| 650 |
0 |
9 |
|a German authors
|y 19th-20th centuries
|2 eczenas
|
| 650 |
0 |
9 |
|a publishers and publishing
|z Czechia
|y 19th-20th centuries
|2 eczenas
|
| 655 |
|
7 |
|a korespondence
|7 fd132681
|2 czenas
|
| 655 |
|
7 |
|a faksimile
|7 fd132227
|2 czenas
|
| 655 |
|
7 |
|a komentovaná vydání
|7 fd132577
|2 czenas
|
| 655 |
|
9 |
|a correspondence
|2 eczenas
|
| 655 |
|
9 |
|a facsimiles
|2 eczenas
|
| 655 |
|
9 |
|a annotated editions
|2 eczenas
|
| 700 |
1 |
|
|a Vilímek, Josef Richard,
|d 1860-1938
|7 jk01142384
|4 rcp
|
| 700 |
1 |
|
|a Koten, Jan,
|d 1961-
|7 ola2013767973
|4 edt
|
| 700 |
1 |
|
|a Pavlíček, Tomáš,
|d 1972-
|7 xx0067670
|4 edt
|
| 856 |
4 |
1 |
|u http://www.digitalniknihovna.cz/mzk/uuid/uuid:81145110-20c4-11e6-8d01-005056827e52
|y Digitalizovaný dokument
|x NDK
|
| 910 |
2 |
|
|a BOA001
|b 4-1308.197
|
| 990 |
|
|
|a BK
|
| 995 |
|
|
|a 01
|
| 991 |
|
|
|b 201307
|c NOV
|e n
|
| 996 |
6 |
|
|b 2610556095
|c 4-1308.197
|l MZK
|r Sklad / do 1 hodiny
|n 1
|p p.v.
|w 001343367
|u 000010
|a 1
|e BOA001
|j MZK50
|s P
|